| Tag |
First Indicator |
Second Indicator |
Subfields |
| LEADER |
00000cgm a2200000Ia 4500 |
| 001 |
in00002589331 |
| 005 |
20151201115923.0 |
| 007 |
vd cvaiz| |
| 008 |
020206s2001 nyu073 vleng d |
| 028 |
4 |
2 |
|a 38530-2
|b Warner Reprise Video
|
| 029 |
1 |
|
|a AU@
|b 000024751578
|
| 035 |
|
|
|a (OCoLC)ocm48947751
|
| 035 |
|
|
|a (OCoLC)48947751
|
| 040 |
|
|
|a APL
|c APL
|d OCLCQ
|d UtOrBLW
|
| 049 |
|
|
|a TXAM
|
| 082 |
0 |
4 |
|a 781.66
|2 21
|
| 090 |
|
|
|a M1630.18.R44
|b O44 2001
|
| 245 |
0 |
0 |
|a Off the map.
|
| 246 |
1 |
|
|i Title on container
|a Red Hot Chili Peppers :
|b Off the map
|
| 264 |
|
1 |
|a New York, N.Y. :
|b Warner Reprise Video,
|c [2001]
|
| 264 |
|
4 |
|c ©2001
|
| 300 |
|
|
|a 1 videodisc (73 min.) :
|b sound, color ;
|c 4 3/4 in.
|
| 336 |
|
|
|a two-dimensional moving image
|b tdi
|2 rdacontent
|
| 337 |
|
|
|a video
|b v
|2 rdamedia
|
| 338 |
|
|
|a videodisc
|b vd
|2 rdacarrier
|
| 538 |
|
|
|a DVD; NTSC; region 1.
|
| 546 |
|
|
|a Closed-captioned.
|
| 500 |
|
|
|a Title from credits.
|
| 511 |
1 |
|
|a Anthony Kiedis, Flea, John Fresciante, Chad Smith.
|
| 508 |
|
|
|a Concert photographed, produced, and directed by Dick Rude.
|
| 521 |
|
|
|a Parental advisory: Explicit content.
|
| 520 |
|
|
|a Concert footage of the Red Hot Chili Peppers from their 2000 world tour.
|
| 500 |
|
|
|a Includes pre-show backstage footage and interview footage.
|
| 505 |
0 |
|
|a Around the World -- Scar Tissue -- Otherside -- Easily -- Californication -- Right on Time -- Pea -- Give It Away -- Sock My Kiss -- Blood Sugar Sex Magik -- Under the Bridge -- Me & My Friends -- Blackeyed Blonde -- Usually Just a T-Shirt #3 -- Fire -- Subterranean Homesick Blues -- What is Soul? -- You're Gonna Get Yours. Additional live footage: Skinny Sweaty Man -- I Could Have Lied -- Parallel Universe -- Sir Psycho Sexy -- Search and Destroy.
|
| 500 |
|
|
|a Videorecording.
|
| 650 |
|
0 |
|a Rock music
|y 1991-2000.
|
| 650 |
|
0 |
|a Alternative rock music.
|
| 655 |
|
7 |
|a Rock concert films.
|2 lcgft
|
| 655 |
|
7 |
|a Filmed performances.
|2 lcgft
|
| 655 |
|
7 |
|a Nonfiction films.
|2 lcgft
|
| 650 |
|
0 |
|a Video recordings for the hearing impaired.
|
| 710 |
2 |
|
|a Red Hot Chili Peppers (Musical group)
|
| 710 |
2 |
|
|a Warner Reprise Video (Firm)
|
| 994 |
|
|
|a C0
|b TXA
|
| 948 |
|
|
|a cataloged
|b h
|c 2010/4/28
|d c
|e blrosas
|f 11:34:46 am
|
| 999 |
|
|
|a MARS
|
| 999 |
f |
f |
|s 9d38f3b8-7598-35fe-b223-67e3fe9d3790
|i 491047e9-7979-36db-ad73-5e01b241c014
|t 0
|
| 952 |
f |
f |
|p dvd
|a Texas A&M University
|b College Station
|c Sterling C. Evans Library
|d Evans: Media and Reserves (Annex 1st floor)
|t 0
|e M1630.18.R44 O44 2001
|h Library of Congress classification
|i video -- videodisc
|m A14839140054
|
| 998 |
f |
f |
|a M1630.18.R44 O44 2001
|t 0
|l Evans: Media and Reserves (Annex 1st floor)
|